000 00303nam a2200133Ia 4500
100 _aKumbhojkar / G.V
942 _cBK
654 _aprobability
245 _aProbability and Random Processes
260 _bC.Jamnadas&co.
_aPune
_c2007
082 _a519.2/KUM
_bKUM
300 _a158
546 _aENGLISH
999 _c28618
_d28618